Normal view
MARC view
Entry Topical Term
001 - CONTROL NUMBER
- control field: 13359
003 - CONTROL NUMBER IDENTIFIER
- control field: BD-RjUL
005 - DATE AND TIME OF LATEST TRANSACTION
- control field: 20240627105255.0
008 - FIXED-LENGTH DATA ELEMENTS
- fixed length control field: 240627|| aca||aabn | a|a d
040 ## - CATALOGING SOURCE
- Original cataloging agency: BD-RjUL
- Transcribing agency: BD-RjUL
150 ## - HEADING--TOPICAL TERM
- Topical term or geographic name entry element: Lentil
- Form subdivision: Chickpea
670 ## - SOURCE DATA FOUND
- Source citation: Work cat.: (BD-RjUL)83924: Khatun, Abeda 13358, Effect of Storage Management Practices on the Seed Quality and Storability of Lentil and Chickpea /, 2007